|
|
|
|
| LEADER |
01245nam a2200337 a 4500 |
| 001 |
28199 |
| 003 |
BD-DhAAL |
| 005 |
20190523135634.0 |
| 008 |
141204s2010 mauaf b 000 0 eng |
| 999 |
|
|
|c 33203
|d 33203
|
| 010 |
|
|
|a 2009006132
|
| 015 |
|
|
|a GBA978712
|2 bnb
|
| 016 |
7 |
|
|a 015346496
|2 Uk
|
| 020 |
|
|
|a 9780262513029 (pbk. : alk. paper)
|
| 035 |
|
|
|a (OCoLC)ocn305421013
|
| 040 |
|
|
|a DLC
|c DLC
|d C#P
|d UKM
|d DLC
|d BD-DhAAL
|
| 050 |
0 |
0 |
|a NA680
|b .H413 2010
|
| 082 |
0 |
0 |
|a 724.6
|2 22
|
| 100 |
1 |
|
|a Hays, K. Michael.
|9 6490
|
| 245 |
1 |
0 |
|a Architecture's desire :
|b reading the late avant-garde /
|c K. Michael Hays.
|
| 246 |
3 |
0 |
|a Reading the late avant-garde
|
| 260 |
|
|
|a Cambridge, Mass. :
|b MIT Press,
|c c2010.
|
| 300 |
|
|
|a vii, 192 p., [8] p. of plates :
|b ill. (some col.) ;
|c 21 cm.
|
| 490 |
1 |
|
|a Writing architecture series
|
| 504 |
|
|
|a Includes bibliographical references.
|
| 526 |
|
|
|a ARC
|
| 541 |
|
|
|e 28199
|
| 650 |
|
0 |
|a Architecture, Modern
|y 20th century
|x Philosophy.
|9 6491
|
| 830 |
|
0 |
|a Writing architecture.
|9 6492
|
| 942 |
|
|
|2 ddc
|c BK
|
| 952 |
|
|
|0 0
|1 0
|2 ddc
|4 0
|6 724_600000000000000_HAY
|7 0
|9 44318
|a BRACUL
|b BRACUL
|c GEN
|d 2014-12-04
|e Karim International
|g 1500.00
|l 5
|m 26
|o 724.6 HAY
|p 3010028199
|r 2026-01-28
|s 2025-09-11
|t 1
|w 2014-12-04
|y BK
|